00940nam a2200253 a 450000100100000000500170001000800410002702000150006804000250008304100130010808200200012110000250014124500510016626000360021730000200025350000340027359000260030765000280033365000310036191000390039295201170043195201230054899900150067100000973520240412074212.0091001s2002 dr 000 0 spa d a9993402931 aDO-SdBNPbspacBNPHU07aspaaeng aRD861.44bB369y1 aBeatto, Sabat92463910aYa nadie cuenta las estrellas /cSabat Beatto. aSanto Domingo :bCocolo,c2002. a78 p. ;c22 cm. aTexto en inglés y español aInventariado, 2018/LP 0aPoesía dominicana966 0aLiteratura dominicana.967 aValidado. Control de calidad BNPHU 0010718PDaPDbPDcHDd2009-10-01iLF1l0oRD861.44 B369yp9735-10r2020-06-25w2020-06-25yLFPDZNo se presta 0010718PDaPDbPDcHDd2009-10-01iLF1l0oRD861.44 B369yp9735-20r2020-06-25te. 2w2020-06-25yLFPDZNo se presta c9495d9495